000 00827nam a2200289Ia 4500
003 OSt
005 20221007110644.0
006 a|||||r|||| 00| 0
007 ta
008 221006b |||||||| |||| 00| 0 eng d
020 _a066992450
024 _a21,567
037 _cTextual
040 _aLCO
_cLCO
_beng
041 _2eng
_aeng
082 _aX8(A):976, L6
100 _aLoewenberg J. Joseph
245 0 _aCompulsory Arbitration
260 _aToronto
_bLexington Books Canada
_c1976
300 _a213
500 _aAn International Comparison
650 _aARBITRATION
_9681512
700 _a Gershenfeld Walter J.
_9707741
700 _a Glasbeek H.J.
_9692675
942 _hX8(A):976, L6
_cTEXL
999 _c1191130
_d1191130